Szczegóły MARC21

Grammatika sovremennogo russkogo literaturnogo âzyka /

003 -Nazwa inst., której nr kontr. jest w polu 001 [,]
    • @
    • Nazwa instytucji, której n kontrolny jest w polu 001
    • NUKAT
005 -DATA I CZAS OSTATNIEJ MODYFIKACJI [,]
    • @
    • pole kontrolne
    • 20241231091845.0
040 -Instytucja sporządzająca opis [ , ]
    • a
    • Instytucja, która sporządziła opis (NP)
    • KAT U/41BM
    • c
    • Instytucja, która sporządziła rekord (NP)
    • KAT U/41BMs
    • d
    • Instytucja, która zmodyfikowała rekord (P)
    • KAT U/41BM
942 -Rodzaj dokumentu [ , ]
    • c
    • Rodzaj dokumentu
    • Książka
245 -Strefa tytułu i oznaczenia odpowiedzialności [0,0]
    • a
    • Tytuł
    • Grammatika sovremennogo russkogo literaturnogo âzyka / Find
    • c
    • Pozostałe elementy strefy tytułu i oznaczenia odpowiedzialności (NP)
    • [otv. red. N. Û. Švedova] ; Akademiâ nauk SSSR. Institut russkogo âzyka.
260 -Strefa adresu wydawniczego [ , ]
    • a
    • Miejsce wydania (P)
    • Moskva :
    • b
    • Nazwa wydawcy (P)
    • "Nauka",
    • c
    • Data wydania (P)
    • 1970.
300 -Strefa opisu fizycznego [ , ]
    • a
    • Określenie formy książki i/lub objętość (NP)
    • 767, [1] s. ;
    • c
    • Format (NP)
    • 25 cm.
336 -Typ zawartości [ , ]
    • a
    • Termin opisujący typ zawartości
    • Tekst
    • b
    • Kod określający zawartość
    • txt
    • 2
    • Źródło (terminu i kodu)
    • rdacontent
337 -Typ mediów [ , ]
    • a
    • Tryb odtwarzania
    • Bez urządzenia pośredniczącego
    • b
    • Kod typu mediów
    • n
    • 2
    • Źródło (terminu i kodu)
    • rdamedia
338 -Typ/rodzaj nośnika [ , ]
    • a
    • Hasło opisujące typ nośnika
    • Wolumin
    • b
    • Kod typu nośnika
    • nc
    • 2
    • Źródło (terminu i kodu)
    • rdacarrier
504 -Uwaga dot. bibliogr. załącznikowej [ , ]
    • a
    • Uwaga dot. bibliografii załącznikowej
    • Indeks.
650 -Hasło przedmiotowe [ ,7]
    • a
    • Hasło przedmiotowe
    • Język rosyjski
    • x
    • Określnik rzeczowy
    • gramatyka
    • v
    • Określnik formalny
    • podręczniki akademickie.
    • 2
    • Źródło terminu
    • kaba
    • 9
    • KHW
    • 378586
700 -Hasło dodatkowe - nazwa osobowa [1, ]
    • a
    • Nazwa osobowa (NP)
    • Švedova, Nataliâ Ûl'evna. Find
    • e
    • Określenie rodzaju współpracy
    • Red.
    • 9
    • KHW
    • 19184
Lokalizacja Numer inwentarzowy Sygnatura Status udost.
BGW.4507 -3
BGZ.1715 1
BMR.6234ROS. Gramatyka 031
BMR.3578 1